[Event "Manizales op 20th"]
[Site "Manizales"]
[Date "2008.01.11"]
[Round "2"]
[White "Rodriguez, Norbey"]
[Black "Alvarado, Alirio"]
[Result "1-0"]
[WhiteElo "1612"]
[BlackElo "1665"]
[PlyCount "27"]
[EventDate "2008.01.10"]
[EventType "swiss"]
[EventRounds "7"]
[EventCountry "COL"]
[SourceTitle "EXT 2010"]
[Source "ChessBase"]
[SourceDate "2010.11.25"]
[SourceVersion "1"]
[SourceVersionDate "2010.11.25"]
[SourceQuality "1"]

1. d4 g6 2. Nf3 Bg7 3. c4 d5 4. cxd5 Qxd5 5. Nc3 Qd8 6. Bf4 a6 7. e3 Nf6 8. Rc1 c6 9. Bd3 0-0 10. h3 Re8 11. 0-0 Be6 12. Ng5 Qd7 13. Na4 Qc8 14. Nb6 1-0

[Event "Manizales op 20th"]
[Site "Manizales"]
[Date "2008.01.10"]
[Round "1"]
[White "Molina, Rafael"]
[Black "Rodriguez, Norbey"]
[Result "1/2-1/2"]
[WhiteElo "2082"]
[BlackElo "1612"]
[PlyCount "41"]
[EventDate "2008.01.10"]
[EventType "swiss"]
[EventRounds "7"]
[EventCountry "COL"]
[SourceTitle "EXT 2010"]
[Source "ChessBase"]
[SourceDate "2010.11.25"]
[SourceVersion "1"]
[SourceVersionDate "2010.11.25"]
[SourceQuality "1"]

1. e4 e5 2. Nf3 Nc6 3. Bc4 Bc5 4. c3 Nf6 5. 0-0 0-0 6. d4 exd4 7. cxd4 Be7 8. Re1 d5 9. exd5 Nxd5 10. Ne5 Nxe5 11. dxe5 Be6 12. Qb3 c6 13. a4 Qb6 14. Qg3 Qd4 15. Bxd5 cxd5 16. Nc3 Bg4 17. Be3 Qc4 18. Qf4 Qxf4 19. Bxf4 a6 20. Rad1 Rfd8 21. Rd2 1/2-1/2